[Event "Deutsche Ländermeisterschaft 2021"]
[Site "Neumünster GER"]
[Date "2021.10.02"]
[Round "2"]
[White "Neininger, Sarah"]
[Black "Müller, Cosima"]
[Result "0-1"]
[Termination "normal"]
[Board "3.8"]
[WhiteElo "1412"]
[BlackElo "1373"]
[WhiteClock "00:43:41"]
[BlackClock "00:54:44"]
[WhiteTeam "Hessen"]
[BlackTeam "Sachsen"]
[PlyCount "66"]
[WhiteFideId "16287410"]
[BlackFideId "34601490"]
[EventCountry "GER"]
[EventRounds "7"]
[EventType "team-swiss"]
[EventDate "2021.10.01"]

1. e4 {[%clk 1:30:57]} c5 {[%clk 1:30:52]} 2. c3 {[%clk 1:31:21]} e6 {[%clk
1:31:06]} 3. d4 {[%clk 1:31:04]} cxd4 {[%clk 1:30:32]} 4. cxd4 {[%clk 1:31:25]}
d5 {[%clk 1:30:17]} 5. e5 Nc6 {[%clk 1:29:39]} 6. Nf3 {[%clk 1:30:55]} Nge7
{[%clk 1:26:23]} 7. Be2 {[%clk 1:29:12]} Nf5 {[%clk 1:24:46]} 8. Nc3 {[%clk
1:18:46]} Bb4 {[%clk 1:24:32]} 9. O-O {[%clk 1:18:34]} O-O {[%clk 1:24:40]} 10.
Bd3 {[%clk 1:11:43]} Bd7 {[%clk 1:17:58]} 11. Bxf5 {[%clk 1:10:28]} exf5 {[%clk
1:18:04]} 12. Nxd5 {[%clk 1:10:35]} Qa5 {[%clk 1:14:01]} 13. Nxb4 {[%clk
1:10:10]} Nxb4 {[%clk 1:13:55]} 14. Bd2 {[%clk 1:09:43]} Qb6 {[%clk 1:12:21]}
15. Qb3 {[%clk 1:08:57]} a5 {[%clk 1:11:45]} 16. d5 {[%clk 1:07:04]} Bb5 {[%clk
1:05:57]} 17. Bxb4 {[%clk 1:05:54]} axb4 {[%clk 1:06:06]} 18. Qxb4 {[%clk
1:05:27]} Ra4 {[%clk 1:05:35]} 19. Qb3 {[%clk 1:05:40]} Qa5 {[%clk 1:05:20]}
20. Rfc1 {[%clk 1:04:28]} Rb4 {[%clk 1:01:00]} 21. Qc3 {[%clk 1:03:23]} h6
{[%clk 0:59:39]} 22. a3 {[%clk 1:03:02]} Ra4 {[%clk 0:59:45]} 23. Qxa5 {[%clk
1:03:18]} Rxa5 {[%clk 1:00:07]} 24. Nd4 {[%clk 1:01:39]} Bd3 {[%clk 0:58:11]}
25. Rd1 {[%clk 0:59:11]} Be4 {[%clk 0:54:47]} 26. d6 {[%clk 0:57:49]} Rxe5
{[%clk 0:54:16]} 27. Nb3 {[%clk 0:56:22]} Bc2 {[%clk 0:54:16]} 28. Nd4 {[%clk
0:46:14]} Bxd1 {[%clk 0:54:03]} 29. Rxd1 {[%clk 0:46:34]} Rd5 {[%clk 0:54:19]}
30. Rd2 {[%clk 0:45:13]} Rxd6 {[%clk 0:54:07]} 31. Nf3 {[%clk 0:43:46]} Rxd2
{[%clk 0:54:15]} 32. Nxd2 {[%clk 0:44:10]} Rd8 {[%clk 0:54:27]} 33. Kf1 {[%clk
0:43:41]} Rxd2 {[%clk 0:54:44]} 0-1

[Event "Deutsche Ländermeisterschaft 2021"]
[Site "Neumünster GER"]
[Date "2021.10.02"]
[Round "2"]
[White "Farokhi, Keyvan"]
[Black "Krastev, Alexander"]
[Result "0-1"]
[Termination "normal"]
[Board "4.1"]
[BlackTitle "FM"]
[WhiteElo "2238"]
[BlackElo "2393"]
[WhiteClock "00:08:09"]
[BlackClock "00:10:40"]
[WhiteTeam "Schleswig-Holstein"]
[BlackTeam "Nordrhein-Westfalen"]
[PlyCount "66"]
[WhiteFideId "12998630"]
[BlackFideId "12989983"]
[EventCountry "GER"]
[EventRounds "7"]
[EventType "team-swiss"]
[EventDate "2021.10.01"]

1. e4 {[%clk 1:30:50]} c5 {[%clk 1:30:41]} 2. Nf3 {[%clk 1:31:11]} d6 {[%clk
1:29:22]} 3. c3 {[%clk 1:29:55]} Nf6 {[%clk 1:29:44]} 4. Bd3 g6 {[%clk
1:29:18]} 5. O-O {[%clk 1:30:31]} Bg7 {[%clk 1:29:44]} 6. h3 {[%clk 1:29:48]}
O-O {[%clk 1:28:51]} 7. Bc2 {[%clk 1:30:07]} Nc6 {[%clk 1:28:35]} 8. d4 {[%clk
1:30:11]} cxd4 9. cxd4 {[%clk 1:30:14]} Nb4 {[%clk 1:18:26]} 10. Bb3 {[%clk
1:29:12]} d5 {[%clk 1:18:43]} 11. e5 {[%clk 1:24:12]} Ne4 {[%clk 1:19:07]} 12.
Nc3 {[%clk 1:21:17]} b6 {[%clk 1:09:34]} 13. Re1 {[%clk 1:15:59]} Nxc3 {[%clk
1:07:00]} 14. bxc3 {[%clk 1:16:21]} Nc6 {[%clk 1:07:25]} 15. Ba3 {[%clk
0:53:59]} Na5 {[%clk 0:55:42]} 16. Bb4 {[%clk 0:47:31]} Nxb3 {[%clk 0:48:33]}
17. axb3 {[%clk 0:47:41]} a5 {[%clk 0:48:57]} 18. Ba3 {[%clk 0:47:08]} Ba6
{[%clk 0:39:22]} 19. e6 {[%clk 0:41:53]} f6 {[%clk 0:39:40]} 20. c4 {[%clk
0:31:04]} Re8 {[%clk 0:38:11]} 21. c5 {[%clk 0:30:39]} Bc8 {[%clk 0:31:47]} 22.
Rc1 {[%clk 0:23:31]} b5 {[%clk 0:29:12]} 23. b4 {[%clk 0:19:23]} Qc7 {[%clk
0:20:34]} 24. c6 {[%clk 0:18:07]} Ra6 {[%clk 0:20:08]} 25. Qc2 {[%clk 0:16:17]}
Bh6 {[%clk 0:18:48]} 26. Nd2 {[%clk 0:12:43]} a4 {[%clk 0:17:12]} 27. Re2
{[%clk 0:10:32]} Rd8 {[%clk 0:16:23]} 28. Qc5 {[%clk 0:10:31]} Rb6 {[%clk
0:16:36]} 29. Rc2 {[%clk 0:07:50]} Rd6 {[%clk 0:15:38]} 30. Nb1 {[%clk
0:07:05]} Rdxc6 {[%clk 0:09:32]} 31. Qxd5 {[%clk 0:07:16]} Rxc2 {[%clk
0:09:53]} 32. Rxc2 {[%clk 0:07:42]} Qxc2 {[%clk 0:10:17]} 33. Qd8+ {[%clk
0:08:09]} Bf8 {[%clk 0:10:40]} 0-1

[Event "Deutsche Ländermeisterschaft 2021"]
[Site "Neumünster GER"]
[Date "2021.10.02"]
[Round "2"]
[White "Gutkin, Ilya"]
[Black "Bornholdt, Joa Max"]
[Result "1-0"]
[Termination "normal"]
[Board "4.2"]
[WhiteTitle "FM"]
[WhiteElo "2300"]
[BlackElo "1956"]
[WhiteClock "00:04:40"]
[BlackClock "00:21:16"]
[WhiteTeam "Nordrhein-Westfalen"]
[BlackTeam "Schleswig-Holstein"]
[PlyCount "133"]
[WhiteFideId "16203470"]
[BlackFideId "16253477"]
[EventCountry "GER"]
[EventRounds "7"]
[EventType "team-swiss"]
[EventDate "2021.10.01"]

1. Nf3 {[%clk 1:30:53]} d5 {[%clk 1:30:50]} 2. g3 {[%clk 1:31:17]} Nf6 {[%clk
1:31:13]} 3. Bg2 {[%clk 1:31:44]} e6 {[%clk 1:31:38]} 4. d4 {[%clk 1:32:08]}
Be7 {[%clk 1:31:55]} 5. c4 {[%clk 1:32:32]} O-O {[%clk 1:32:19]} 6. Qc2 {[%clk
1:32:58]} dxc4 7. Qxc4 {[%clk 1:33:21]} a6 {[%clk 1:33:00]} 8. Bf4 {[%clk
1:33:25]} Nd5 {[%clk 1:33:23]} 9. Nc3 {[%clk 1:33:14]} b5 {[%clk 1:33:26]} 10.
Qd3 {[%clk 1:33:31]} Nxf4 {[%clk 1:33:56]} 11. gxf4 {[%clk 1:33:55]} Ra7 12.
Ne5 {[%clk 1:15:49]} c5 {[%clk 1:31:42]} 13. dxc5 {[%clk 1:11:27]} Bxc5 {[%clk
1:31:58]} 14. O-O {[%clk 1:09:14]} f6 {[%clk 1:27:51]} 15. Qxd8 {[%clk
1:09:01]} Rxd8 {[%clk 1:28:15]} 16. Nd3 {[%clk 1:09:21]} Bd4 {[%clk 1:18:58]}
17. Rfc1 {[%clk 1:03:01]} Bb7 {[%clk 1:15:45]} 18. Ne4 {[%clk 0:55:26]} Bd5
{[%clk 1:12:20]} 19. Nec5 {[%clk 0:42:21]} Kf7 {[%clk 1:08:29]} 20. Bxd5 {[%clk
0:40:40]} Rxd5 {[%clk 1:08:03]} 21. Nb3 {[%clk 0:37:20]} Bb6 {[%clk 0:59:00]}
22. a4 {[%clk 0:26:42]} bxa4 {[%clk 0:48:33]} 23. Rxa4 {[%clk 0:26:43]} Nd7
{[%clk 0:47:45]} 24. Rc6 {[%clk 0:20:47]} a5 {[%clk 0:43:47]} 25. Nd2 {[%clk
0:19:31]} Rc7 {[%clk 0:41:05]} 26. Rac4 {[%clk 0:18:30]} Rxc6 {[%clk 0:40:51]}
27. Rxc6 {[%clk 0:18:55]} Ke7 {[%clk 0:37:08]} 28. Nc4 {[%clk 0:17:25]} Bd8
{[%clk 0:30:59]} 29. Ra6 {[%clk 0:14:33]} Nc5 {[%clk 0:27:00]} 30. Nxc5 {[%clk
0:08:21]} Rxc5 {[%clk 0:26:12]} 31. b3 {[%clk 0:08:46]} Bc7 {[%clk 0:22:18]}
32. e3 {[%clk 0:06:23]} Rb5 {[%clk 0:21:53]} 33. Nd2 {[%clk 0:05:01]} Rd5
{[%clk 0:18:50]} 34. Nf3 {[%clk 0:04:23]} e5 {[%clk 0:18:20]} 35. fxe5 {[%clk
0:04:03]} fxe5 {[%clk 0:18:05]} 36. Rc6 {[%clk 0:01:42]} Bd6 {[%clk 0:16:18]}
37. Ra6 {[%clk 0:01:44]} Bb4 {[%clk 0:11:54]} 38. Kf1 {[%clk 0:01:22]} Bc3
{[%clk 0:05:18]} 39. Ng5 {[%clk 0:00:44]} Rb5 {[%clk 0:04:09]} 40. Ra7+ {[%clk
0:00:58]} Ke8 {[%clk 0:03:22]} 41. Ne4 {[%clk 0:27:31]} Rxb3 {[%clk 0:33:27]}
42. Nxc3 {[%clk 0:27:53]} Rxc3 {[%clk 0:33:51]} 43. Rxa5 Kf7 {[%clk 0:34:07]}
44. Rxe5 {[%clk 0:28:28]} Kf6 {[%clk 0:34:21]} 45. Ra5 {[%clk 0:28:23]} Rb3
{[%clk 0:34:45]} 46. Kg2 {[%clk 0:28:28]} Rb4 {[%clk 0:34:57]} 47. h3 {[%clk
0:28:01]} h6 {[%clk 0:34:14]} 48. Kg3 {[%clk 0:27:22]} Rc4 {[%clk 0:33:42]} 49.
h4 {[%clk 0:19:53]} g5 {[%clk 0:31:00]} 50. Ra6+ {[%clk 0:20:13]} Kg7 {[%clk
0:31:22]} 51. hxg5 {[%clk 0:20:37]} hxg5 {[%clk 0:31:47]} 52. Rd6 {[%clk
0:18:09]} Kf7 {[%clk 0:30:34]} 53. Rb6 {[%clk 0:13:04]} Ra4 {[%clk 0:30:22]}
54. f3 {[%clk 0:11:55]} Ra1 {[%clk 0:25:46]} 55. Kg4 {[%clk 0:10:51]} Rg1+
{[%clk 0:24:47]} 56. Kf5 {[%clk 0:11:15]} Rg3 {[%clk 0:25:11]} 57. Rb7+ {[%clk
0:10:50]} Kf8 {[%clk 0:25:14]} 58. Ke4 {[%clk 0:11:13]} Rg1 {[%clk 0:25:02]}
59. Rb3 {[%clk 0:05:22]} Rg3 {[%clk 0:23:47]} 60. Rb7 {[%clk 0:05:45]} Rg1
{[%clk 0:24:11]} 61. Kd3 {[%clk 0:04:25]} Rg2 {[%clk 0:23:41]} 62. Rb4 {[%clk
0:03:34]} Kf7 {[%clk 0:22:44]} 63. Rg4 {[%clk 0:03:43]} Rf2 {[%clk 0:23:02]}
64. Ke4 {[%clk 0:03:34]} Kf6 {[%clk 0:21:03]} 65. f4 {[%clk 0:03:54]} gxf4
{[%clk 0:20:50]} 66. Rxf4+ {[%clk 0:04:16]} Rxf4+ {[%clk 0:21:16]} 67. Kxf4
{[%clk 0:04:40]} 1-0

[Event "Deutsche Ländermeisterschaft 2021"]
[Site "Neumünster GER"]
[Date "2021.10.02"]
[Round "2"]
[White "Bosselmann, Tom Linus"]
[Black "Runte, Moritz"]
[Result "1/2-1/2"]
[Termination "normal"]
[Board "4.3"]
[WhiteElo "2064"]
[BlackElo "2151"]
[WhiteClock "00:41:23"]
[BlackClock "00:34:32"]
[WhiteTeam "Schleswig-Holstein"]
[BlackTeam "Nordrhein-Westfalen"]
[PlyCount "54"]
[WhiteFideId "12983845"]
[BlackFideId "12991449"]
[EventCountry "GER"]
[EventRounds "7"]
[EventType "team-swiss"]
[EventDate "2021.10.01"]

1. e4 {[%clk 1:30:57]} c5 {[%clk 1:30:41]} 2. Nf3 {[%clk 1:31:22]} d6 {[%clk
1:30:53]} 3. d4 cxd4 {[%clk 1:31:19]} 4. Nxd4 {[%clk 1:32:14]} Nf6 {[%clk
1:31:35]} 5. Nc3 {[%clk 1:32:40]} a6 {[%clk 1:31:41]} 6. Be3 {[%clk 1:31:41]}
e5 {[%clk 1:31:08]} 7. Nb3 {[%clk 1:31:34]} Be7 {[%clk 1:30:42]} 8. f3 {[%clk
1:31:56]} Be6 {[%clk 1:30:37]} 9. Qd2 {[%clk 1:31:55]} h5 {[%clk 1:30:40]} 10.
O-O-O {[%clk 1:32:01]} Nbd7 {[%clk 1:30:45]} 11. Nd5 {[%clk 1:29:58]} Nxd5
{[%clk 1:29:57]} 12. exd5 {[%clk 1:30:21]} Bf5 {[%clk 1:30:05]} 13. Kb1 {[%clk
1:27:31]} Rc8 {[%clk 1:26:52]} 14. Bd3 {[%clk 1:27:22]} Bxd3 {[%clk 1:26:59]}
15. Qxd3 {[%clk 1:27:45]} Bg5 {[%clk 1:25:29]} 16. Bf2 {[%clk 1:27:23]} Qc7
{[%clk 1:23:31]} 17. h4 {[%clk 1:26:16]} Bh6 {[%clk 1:18:50]} 18. g4 {[%clk
1:26:18]} hxg4 {[%clk 1:17:07]} 19. fxg4 {[%clk 1:26:36]} Bf4 {[%clk 1:15:58]}
20. g5 {[%clk 1:15:36]} Qc4 {[%clk 1:07:55]} 21. Qxc4 {[%clk 1:13:53]} Rxc4
{[%clk 1:08:16]} 22. Rhe1 {[%clk 1:13:25]} Kd8 {[%clk 1:03:25]} 23. Na5 {[%clk
1:10:02]} Rc7 {[%clk 0:58:12]} 24. b3 {[%clk 1:00:04]} Ke7 {[%clk 0:36:45]} 25.
Rd4 {[%clk 0:51:23]} Kd8 {[%clk 0:34:58]} 26. Rdd1 {[%clk 0:50:24]} Ke7 {[%clk
0:34:46]} 27. Rd4 {[%clk 0:41:23]} Kd8 {[%clk 0:34:32]} 1/2-1/2

[Event "Deutsche Ländermeisterschaft 2021"]
[Site "Neumünster GER"]
[Date "2021.10.02"]
[Round "2"]
[White "Bashylina, Luisa"]
[Black "Guo, Philipp Ziming"]
[Result "1-0"]
[Termination "normal"]
[Board "4.4"]
[WhiteTitle "WCM"]
[WhiteElo "2000"]
[BlackElo "1760"]
[WhiteClock "00:21:04"]
[BlackClock "00:07:17"]
[WhiteTeam "Nordrhein-Westfalen"]
[BlackTeam "Schleswig-Holstein"]
[PlyCount "83"]
[WhiteFideId "12983292"]
[BlackFideId "16245199"]
[EventCountry "GER"]
[EventRounds "7"]
[EventType "team-swiss"]
[EventDate "2021.10.01"]

1. d4 {[%clk 1:30:56]} Nf6 {[%clk 1:30:52]} 2. c4 {[%clk 1:31:21]} e6 {[%clk
1:31:15]} 3. Nc3 {[%clk 1:31:48]} Bb4 {[%clk 1:31:29]} 4. e3 {[%clk 1:32:13]}
b6 {[%clk 1:31:41]} 5. Nge2 {[%clk 1:32:39]} c5 {[%clk 1:31:31]} 6. a3 {[%clk
1:32:39]} Ba5 {[%clk 1:31:50]} 7. Rb1 Na6 {[%clk 1:28:42]} 8. g3 {[%clk
1:29:42]} Bb7 {[%clk 1:27:33]} 9. d5 {[%clk 1:29:57]} exd5 {[%clk 1:25:50]} 10.
Bg2 {[%clk 1:29:45]} Qe7 {[%clk 1:22:01]} 11. O-O {[%clk 1:27:30]} Bxc3 {[%clk
1:16:12]} 12. Nxc3 {[%clk 1:27:31]} O-O {[%clk 1:12:44]} 13. cxd5 {[%clk
1:26:29]} d6 {[%clk 1:12:20]} 14. e4 {[%clk 1:24:12]} Nc7 {[%clk 1:04:06]} 15.
f4 {[%clk 1:20:54]} Qd7 {[%clk 0:58:14]} 16. b3 {[%clk 1:15:12]} Rfe8 {[%clk
0:55:10]} 17. Bb2 {[%clk 1:13:20]} a5 {[%clk 0:50:42]} 18. Na4 {[%clk 1:03:23]}
Ra6 {[%clk 0:45:02]} 19. Bxf6 {[%clk 1:02:01]} gxf6 {[%clk 0:45:28]} 20. Qh5
{[%clk 1:01:18]} Bc8 {[%clk 0:43:29]} 21. f5 {[%clk 0:57:25]} Kh8 {[%clk
0:43:26]} 22. Rf4 {[%clk 0:57:13]} Rg8 {[%clk 0:43:32]} 23. Rh4 {[%clk
0:54:49]} Rg7 {[%clk 0:43:35]} 24. Rf1 {[%clk 0:53:35]} b5 {[%clk 0:40:51]} 25.
e5 {[%clk 0:49:02]} Qe7 {[%clk 0:35:18]} 26. exf6 {[%clk 0:48:17]} Qxf6 {[%clk
0:35:17]} 27. Nc3 {[%clk 0:48:24]} Ne8 {[%clk 0:28:06]} 28. Ne4 {[%clk
0:47:55]} Qd4+ {[%clk 0:27:30]} 29. Kh1 {[%clk 0:46:55]} Nf6 {[%clk 0:26:54]}
30. Nxf6 {[%clk 0:46:35]} Qxf6 {[%clk 0:27:17]} 31. Be4 {[%clk 0:37:05]} Bd7
{[%clk 0:24:37]} 32. g4 {[%clk 0:36:00]} Kg8 {[%clk 0:23:23]} 33. Rg1 {[%clk
0:29:39]} Qg5 {[%clk 0:17:12]} 34. Qxg5 {[%clk 0:29:36]} Rxg5 {[%clk 0:17:35]}
35. f6 {[%clk 0:29:53]} h6 {[%clk 0:15:32]} 36. Rxh6 {[%clk 0:24:50]} Kf8
{[%clk 0:08:29]} 37. h4 {[%clk 0:23:51]} Rg8 {[%clk 0:08:56]} 38. g5 {[%clk
0:23:09]} a4 {[%clk 0:09:00]} 39. h5 {[%clk 0:20:25]} axb3 {[%clk 0:08:46]} 40.
g6 {[%clk 0:20:41]} fxg6 {[%clk 0:08:33]} 41. hxg6 {[%clk 0:21:01]} Be8 {[%clk
0:07:17]} 42. g7+ {[%clk 0:21:04]} 1-0

[Event "Deutsche Ländermeisterschaft 2021"]
[Site "Neumünster GER"]
[Date "2021.10.02"]
[Round "2"]
[White "Falke, Ornella"]
[Black "Müdder, Melanie"]
[Result "0-1"]
[Termination "normal"]
[Board "4.5"]
[WhiteElo "1655"]
[BlackElo "1949"]
[WhiteClock "00:00:58"]
[BlackClock "00:01:08"]
[WhiteTeam "Schleswig-Holstein"]
[BlackTeam "Nordrhein-Westfalen"]
[PlyCount "66"]
[WhiteFideId "16207092"]
[BlackFideId "12994103"]
[EventCountry "GER"]
[EventRounds "7"]
[EventType "team-swiss"]
[EventDate "2021.10.01"]

1. d4 {[%clk 1:30:55]} Nf6 {[%clk 1:30:53]} 2. c4 {[%clk 1:31:19]} g6 {[%clk
1:31:17]} 3. h4 {[%clk 1:31:02]} c5 {[%clk 1:28:49]} 4. d5 b5 {[%clk 1:28:25]}
5. cxb5 {[%clk 1:30:16]} a6 {[%clk 1:28:49]} 6. bxa6 {[%clk 1:24:41]} Bxa6
{[%clk 1:28:32]} 7. Nc3 {[%clk 1:24:18]} d6 {[%clk 1:24:43]} 8. e3 {[%clk
1:21:14]} Bxf1 {[%clk 1:21:34]} 9. Kxf1 {[%clk 1:21:39]} Bg7 {[%clk 1:21:43]}
10. Nge2 {[%clk 1:21:37]} Nbd7 {[%clk 1:18:21]} 11. Nf4 {[%clk 1:19:12]} h6
{[%clk 1:06:52]} 12. a4 {[%clk 1:06:31]} O-O {[%clk 1:00:50]} 13. Rh3 {[%clk
0:54:03]} Qa5 {[%clk 0:55:10]} 14. Bd2 {[%clk 0:51:12]} Rfb8 {[%clk 0:48:48]}
15. Qc2 {[%clk 0:45:37]} Qa6+ {[%clk 0:42:21]} 16. Kg1 {[%clk 0:43:41]} Qc4
{[%clk 0:40:46]} 17. Ra3 {[%clk 0:37:03]} Rb7 {[%clk 0:31:33]} 18. b3 {[%clk
0:34:23]} Qa6 {[%clk 0:31:56]} 19. e4 {[%clk 0:31:59]} Rab8 {[%clk 0:25:12]}
20. Re3 {[%clk 0:16:12]} Ne5 {[%clk 0:15:26]} 21. Qa2 {[%clk 0:09:54]} Ra8
{[%clk 0:07:36]} 22. a5 {[%clk 0:05:55]} c4 {[%clk 0:04:30]} 23. Na4 {[%clk
0:06:07]} Nfd7 {[%clk 0:03:20]} 24. b4 {[%clk 0:04:35]} Qb5 {[%clk 0:03:12]}
25. Ne2 {[%clk 0:04:33]} Nd3 {[%clk 0:02:27]} 26. Bc3 {[%clk 0:01:45]} Nxb4
{[%clk 0:01:41]} 27. Qd2 {[%clk 0:01:06]} Ne5 {[%clk 0:00:52]} 28. Nd4 {[%clk
0:01:12]} Qxa5 {[%clk 0:00:35]} 29. f4 {[%clk 0:01:00]} Ned3 {[%clk 0:00:44]}
30. Nc6 {[%clk 0:00:34]} Bxc3 {[%clk 0:00:38]} 31. Nxa5 {[%clk 0:00:35]} Bxd2
{[%clk 0:00:51]} 32. Re2 {[%clk 0:00:39]} Rxa5 {[%clk 0:01:05]} 33. Rxd2 {[%clk
0:00:58]} Rba7 {[%clk 0:01:08]} 0-1

[Event "Deutsche Ländermeisterschaft 2021"]
[Site "Neumünster GER"]
[Date "2021.10.02"]
[Round "2"]
[White "Besou, Hussain"]
[Black "Malinowsky, Levi"]
[Result "1-0"]
[Termination "normal"]
[Board "4.6"]
[WhiteElo "1995"]
[BlackElo "1775"]
[WhiteClock "00:43:27"]
[BlackClock "00:38:43"]
[WhiteTeam "Nordrhein-Westfalen"]
[BlackTeam "Schleswig-Holstein"]
[PlyCount "59"]
[WhiteFideId "16269950"]
[BlackFideId "16253094"]
[EventCountry "GER"]
[EventRounds "7"]
[EventType "team-swiss"]
[EventDate "2021.10.01"]

1. d4 {[%clk 1:30:50]} Nf6 {[%clk 1:30:31]} 2. c4 {[%clk 1:31:05]} c5 {[%clk
1:30:19]} 3. d5 {[%clk 1:31:10]} b5 {[%clk 1:30:03]} 4. cxb5 {[%clk 1:31:24]}
a6 {[%clk 1:30:03]} 5. bxa6 {[%clk 1:31:35]} Bxa6 {[%clk 1:30:08]} 6. Nc3 d6
{[%clk 1:29:21]} 7. e4 {[%clk 1:31:37]} Bxf1 {[%clk 1:29:12]} 8. Kxf1 {[%clk
1:31:59]} g6 {[%clk 1:28:55]} 9. Nf3 {[%clk 1:32:17]} Bg7 {[%clk 1:28:22]} 10.
g3 {[%clk 1:32:23]} O-O {[%clk 1:28:12]} 11. Kg2 {[%clk 1:32:28]} Nbd7 {[%clk
1:27:51]} 12. a4 {[%clk 1:31:02]} Qb6 {[%clk 1:27:03]} 13. Qe2 {[%clk 1:29:54]}
Rfb8 {[%clk 1:20:37]} 14. Nb5 {[%clk 1:25:57]} Ne8 {[%clk 1:19:08]} 15. Nd2
{[%clk 1:24:32]} Nc7 {[%clk 1:14:16]} 16. Nc4 {[%clk 1:23:52]} Qb7 {[%clk
1:13:54]} 17. Nxc7 {[%clk 1:22:48]} Qxc7 {[%clk 1:13:46]} 18. a5 {[%clk
1:19:14]} Ra7 {[%clk 1:03:02]} 19. f4 {[%clk 1:09:24]} e6 {[%clk 0:57:23]} 20.
dxe6 {[%clk 1:04:07]} fxe6 {[%clk 0:57:41]} 21. Rd1 {[%clk 1:03:39]} Bd4 {[%clk
0:55:32]} 22. Be3 {[%clk 1:02:04]} e5 {[%clk 0:53:54]} 23. fxe5 {[%clk
0:57:37]} dxe5 {[%clk 0:54:00]} 24. Rac1 {[%clk 0:54:29]} Nf6 {[%clk 0:50:06]}
25. Bg5 {[%clk 0:47:05]} Rf8 {[%clk 0:45:23]} 26. Rf1 {[%clk 0:44:32]} Nd7
{[%clk 0:42:46]} 27. Bh6 {[%clk 0:44:34]} Rf6 {[%clk 0:41:49]} 28. Nb6 {[%clk
0:44:13]} Qc6 {[%clk 0:39:29]} 29. Nd5 {[%clk 0:43:54]} Re6 {[%clk 0:38:43]}
30. Qf3 {[%clk 0:43:27]} 1-0

[Event "Deutsche Ländermeisterschaft 2021"]
[Site "Neumünster GER"]
[Date "2021.10.02"]
[Round "2"]
[White "Bräutigam, Katerina"]
[Black "Trunz, Michelle"]
[Result "1-0"]
[Termination "normal"]
[Board "4.7"]
[WhiteElo "1734"]
[BlackElo "1722"]
[WhiteClock "00:01:42"]
[BlackClock "00:04:14"]
[WhiteTeam "Schleswig-Holstein"]
[BlackTeam "Nordrhein-Westfalen"]
[PlyCount "65"]
[WhiteFideId "16242980"]
[BlackFideId "16227980"]
[EventCountry "GER"]
[EventRounds "7"]
[EventType "team-swiss"]
[EventDate "2021.10.01"]

1. e4 {[%clk 1:30:58]} c5 {[%clk 1:30:55]} 2. Nf3 {[%clk 1:31:24]} d6 {[%clk
1:31:14]} 3. d4 {[%clk 1:31:48]} cxd4 {[%clk 1:31:35]} 4. Qxd4 {[%clk 1:32:13]}
Nc6 {[%clk 1:31:54]} 5. Qe3 {[%clk 1:32:33]} g6 {[%clk 1:30:34]} 6. c4 {[%clk
1:32:49]} Bg7 {[%clk 1:30:44]} 7. Nc3 {[%clk 1:33:07]} Nf6 {[%clk 1:29:54]} 8.
h3 {[%clk 1:33:23]} b6 {[%clk 1:25:46]} 9. Be2 {[%clk 1:33:18]} Bb7 {[%clk
1:24:19]} 10. O-O {[%clk 1:33:07]} a6 {[%clk 1:21:48]} 11. Rd1 {[%clk 1:27:40]}
Qc7 {[%clk 1:20:15]} 12. Rb1 {[%clk 1:24:53]} h5 {[%clk 1:18:13]} 13. Nd5
{[%clk 1:10:21]} Nxd5 {[%clk 1:18:21]} 14. exd5 {[%clk 1:09:23]} Ne5 {[%clk
1:17:47]} 15. Nxe5 {[%clk 0:50:45]} dxe5 {[%clk 1:15:05]} 16. b4 {[%clk
0:31:48]} O-O {[%clk 1:11:31]} 17. c5 {[%clk 0:28:42]} bxc5 {[%clk 1:10:42]}
18. bxc5 {[%clk 0:28:47]} Rfd8 {[%clk 1:05:21]} 19. c6 {[%clk 0:23:07]} Bc8
{[%clk 1:03:55]} 20. Ba3 {[%clk 0:13:49]} e4 {[%clk 0:44:50]} 21. Qxe4 {[%clk
0:04:06]} Bf5 {[%clk 0:42:32]} 22. Qxe7 {[%clk 0:03:46]} Qxe7 {[%clk 0:38:39]}
23. Bxe7 {[%clk 0:04:08]} Re8 {[%clk 0:20:45]} 24. d6 {[%clk 0:00:35]} Bf8
{[%clk 0:17:03]} 25. Bxf8 {[%clk 0:00:37]} Kxf8 {[%clk 0:11:31]} 26. d7 {[%clk
0:00:34]} Bxb1 {[%clk 0:02:11]} 27. Rxb1 {[%clk 0:00:36]} Rec8 {[%clk 0:00:51]}
28. dxc8=Q+ {[%clk 0:00:39]} Rxc8 {[%clk 0:03:12]} 29. Rc1 {[%clk 0:00:53]} Ke7
{[%clk 0:03:34]} 30. c7 {[%clk 0:00:47]} Kd7 {[%clk 0:03:31]} 31. Bxa6 {[%clk
0:00:55]} Rxc7 {[%clk 0:03:51]} 32. Rxc7+ {[%clk 0:01:20]} Kxc7 {[%clk
0:04:14]} 33. Bc4 {[%clk 0:01:42]} 1-0